| 000 | 00748nam a2200253Ia 4500 | ||
|---|---|---|---|
| 003 | OSt | ||
| 005 | 20221005032701.0 | ||
| 006 | a|||||r|||| 00| 0 | ||
| 007 | ta | ||
| 008 | 221004b |||||||| |||| 00| 0 ara d | ||
| 020 | _c1270 | ||
| 024 | _a107247 | ||
| 037 |
_b347, 01/02/2011, Nadwi Publications _cTextual |
||
| 040 |
_aCRL _cCRL _bara |
||
| 041 |
_2ara _aara |
||
| 082 | _aO28,3N73x, P8.1 | ||
| 100 |
_aAsmandar Azeez Au. _9585458 |
||
| 245 | 0 | _aAzaheer min ramal | |
| 260 |
_aDasmascus _bDarul Alyanabiya _c2008 |
||
| 300 |
_a284p. _ccm. |
||
| 650 |
_aARABIC FICTION _964594 |
||
| 942 |
_hO28,3N73x, P8.1 _cTEXL _2cc |
||
| 999 |
_c940153 _d940153 |
||